| 000 | 00620nam a22001937a 4500 | ||
|---|---|---|---|
| 003 | OSt | ||
| 005 | 20240702070852.0 | ||
| 008 | 240702b |||||||| |||| 00| 0 eng d | ||
| 020 | _a978-621-416-081-5 | ||
| 040 |
_aDWC- Main Lib _cOC |
||
| 082 | _aFil. 657.042 V172p 2019 | ||
| 100 | _aValix T. Conrado | ||
| 245 |
_aPractical financial accounting, volume two / _cValix T. Conrado . |
||
| 250 | _a2019 edition | ||
| 260 |
_aManila, Philippines: _bGIC Enterprises & CO., Inc. _cc2019. |
||
| 300 |
_a722 pages : _billustrations; _c23cm. |
||
| 650 | _a1. Accounting– Problems, exercises etc. | ||
| 942 |
_2ddc _cBK - FIL _n1 |
||
| 999 |
_c1813 _d1813 |
||